| 000 | 00353nam a2200145 a 4500 | ||
|---|---|---|---|
| 001 | 683 | ||
| 003 | CDMR | ||
| 005 | 20130704123334.0 | ||
| 008 | 130130s2003||||||||||||||||||||||||||||d | ||
| 040 |
_aCDMR _bcat _cCPC GIRONA |
||
| 100 | 1 |
_aMacias,Pere _9524 |
|
| 245 | 1 | 4 |
_aDes d'Olot per a Catalunya _cMacias,Pere |
| 260 |
_c2003 _bEl Bassegoda |
||
| 942 |
_cMON _2udc |
||
| 999 |
_c683 _d683 |
||